| 000 | 00742nam a22001817a 4500 | ||
|---|---|---|---|
| 020 | _qHard Cover. | ||
| 082 | _a621.3 | ||
| 100 | _aAli Aoun Yahya, Sayed, Junaid Khalid, Syed Ali Nayyar Nasir, Muhammad Ali Bajwa, Imran Tahir | ||
| 245 |
_aEFFECTS of CORPORTISM ON ENGINEERING ECONOMICS _cSayed Ali Aoun Yahya, Junaid Khalid, Syed Ali Nayyar Nasir, Muhammad Ali Bajwa, Imran Tahir |
||
| 260 |
_aIslamabad : _bSEECS - NUST, _c2008. |
||
| 300 |
_aiii, 26 p. : ill. ; _c30cm. |
||
| 563 | _aHBK. | ||
| 650 |
_aElectronics Engineering-Project Report _931158 |
||
| 700 |
_aMuhammad Yusuf _931159 |
||
| 856 | _uhttp://10.250.8.41:8080/xmlui/handle/123456789/28685 | ||
| 942 |
_2ddc _cPR |
||
| 999 |
_c540534 _d540534 |
||